Dystrykty stanu Andhra Pradesh – Quiz na mapie - Statystyki

Ogólne statystyki
  • Ten quiz został rozwiązany 32 razy
  • Średni wynik to 3 z 26
Odpowiedzi na mapie
Odpowiedzi zakodowano w zielono-czerwonej skali na mapie do tego quizu, zgodnie z poniższymi procentami.
 
Statystyki odpowiedzi
Odpowiedź % Poprawnych
Anakapali
31%
Alluri Sitharama Raju
23%
Anantapur
19%
Annamajja
19%
Chittoor
19%
Nandyal
19%
Bapatla
15%
Godavari Zachodnie
12%
Krishna
12%
Sri Sathya Sai
12%
Guntur
8%
Karnulu
8%
Nellore
8%
Prakasam
8%
Srikakulam
8%
Visakhapatnam
8%
Vizianagaram
8%
YSR / Kadapa
8%
Eluru
4%
Godavari Wschodnie
4%
Kakinada
4%
Konaseema
4%
Palnadu
4%
Parvathipuram Manyam
4%
Tirupati
4%
NTR
0%
Nie znaleziono quizów pasujących do podanych kryteriów
Rozkład punktacji
Procent ludzi z każdym wynikiem
Percentyl według liczby udzielonych odpowiedzi
Twoja historia wyników
Nie rozwiązałeś tego quizu